书目信息 |
| 题名: |
警察锅哥
|
|
| 作者: | 常书欣 著 | |
| 分册: | 9 绑架案迷踪 | |
| 出版信息: | 北京 中国民主法制出版社 2018 |
|
| 页数: | 298页 | |
| 开本: | 24cm | |
| 丛书名: | ||
| 单 册: | ||
| 中图分类: | I247.56 , I247.5 | |
| 科图分类: | ||
| 主题词: | 长篇小说--中国--当代 | |
| 电子资源: | ||
| ISBN: | 978-7-5162-1699-6 | |
| 000 | 01282nam0 2200265 450 | |
| 001 | 3468 | |
| 005 | 20180528103826.35 | |
| 010 | @a978-7-5162-1699-6@dCNY35.00 | |
| 100 | @a20180412d2018 em y0chiy50 ea | |
| 101 | 0 | @achi |
| 102 | @aCN@b110000 | |
| 105 | @ay z 000ay | |
| 200 | 1 | @a警察锅哥@9jing cha guo ge@h9@i绑架案迷踪@f常书欣著 |
| 210 | @a北京@c中国民主法制出版社@d2018 | |
| 215 | @a298页@d24cm | |
| 304 | @a英文共同题名:Police brother pot | |
| 314 | @a常书欣,山西沁水人,国内警匪、刑侦类题材代表作家,被粉丝亲切地称为“老常”。迄今已在网络上发表《黑锅》《余罪》《超级大忽悠》等作品。 | |
| 330 | @a本书讲述了:食尚的生意经营得如火如荼之际,商业伙伴楚秀女的父亲因病突然离世,留下了巨额资产引得众人觊觎,简凡接到楚秀女的求救电话,匆忙赶去,却被人迷晕,因此成为了楚秀女绑架案的嫌疑人,被反劫中心的特警传讯。为了彻底洗清自己的嫌疑,简凡跟反劫中心的警察一起按迹寻踪,查找绑匪,从纷乱的线索中一点点地找到了犯罪分子的蛛丝马迹,面对隐身其后的幕后人,简凡巧用妙招,引得对方阵脚大乱。随着案件调查的深入,简凡发现,这个案子,不只是绑架案那么简单...... | |
| 517 | 1 | @a绑架案迷踪@9bang jia an mi zong |
| 606 | 0 | @a长篇小说@y中国@z当代 |
| 690 | @aI247.56@v5 | |
| 690 | @aI247.5@v4 | |
| 701 | 0 | @a常书欣@9chang shu xin@4著 |
| 801 | 0 | @aCN@b91MARC@c20180412 |
| 905 | @aMuseLib@dI247.5@e4417:9 | |
| 警察锅哥.9.绑架案迷踪/常书欣著.-北京:中国民主法制出版社,2018 |
| 298页;24cm |
| ISBN 978-7-5162-1699-6:CNY35.00 |
| 本书讲述了:食尚的生意经营得如火如荼之际,商业伙伴楚秀女的父亲因病突然离世,留下了巨额资产引得众人觊觎,简凡接到楚秀女的求救电话,匆忙赶去,却被人迷晕,因此成为了楚秀女绑架案的嫌疑人,被反劫中心的特警传讯。为了彻底洗清自己的嫌疑,简凡跟反劫中心的警察一起按迹寻踪,查找绑匪,从纷乱的线索中一点点地找到了犯罪分子的蛛丝马迹,面对隐身其后的幕后人,简凡巧用妙招,引得对方阵脚大乱。随着案件调查的深入,简凡发现,这个案子,不只是绑架案那么简单...... |
| ● |
| 相关链接 |
|
|
|
|
正题名:警察锅哥
索取号:I247.5/4417:9
 
预约/预借
| 序号 | 登录号 | 条形码 | 馆藏地/架位号 | 状态 | 备注 |
| 1 | 1109316 | 211093163 | 第一样本阅览室/ [索取号:I247.5/4417:9] | 在馆 | |
| 2 | 1109317 | 211093172 | 教育系资料室/ [索取号:I247.5/4417:9] | 在馆 | |
| 3 | 1109318 | 211093181 | 教育系资料室/ [索取号:I247.5/4417:9] | 在馆 | |
| 4 | 1109319 | 211093190 | 第二借阅区/ [索取号:I247.5/4417:9] | 在馆 |